000 00518nam a2200181Ia 4500
999 _c37305
_d37305
003 OSt
005 20200925135648.0
008 190216s9999||||xx |||||||||||||| ||und||
040 _coclc
082 _a591
_bBRA/I
100 _aBraungart, Dale C
_95015
245 0 _aAn Introduction To Animal Biology /
_cDale C Braungart ; Rita Buddeke
250 _a6th Ed.
260 _bToppan Company,
_c1964.
_aTokyo:
300 _a442p
650 _aZoology
942 _cBK
_2ddc
_h591
_iBRA/I
_k591
_mBRA/I